000 00711nam a2200217Ia 4500
999 _c29275
_d29275
003 GCL
005 20240530102009.0
008 140319s9999 xx 000 0 ara d
040 _aGCL /
_cGCL
082 0 4 _a227.6
_bا ت
100 1 _aابراهيم ابراهيم هلال
245 1 0 _aتفسير سورة الفرقان وقضية الالوهية والنبوات وعباد الرحمن /
_cابراهيم ابراهيم هلال
260 _a[S.N] :
_bمكتبة النهضة المصرية ،
_c1986
300 _a54 ص
650 0 4 _aالاسلام
650 0 4 _aالديانات
650 0 4 _aتفاسير
650 0 4 _aسورة الفرقان
650 0 4 _aالقران
942 _2ddc
_cBK